Classical Composers by Picture - Pt1 - Statistics

General Stats
  • This quiz has been taken 74 times
  • The average score is 15 of 20
Answer Stats
Picture Answer % Correct
Johann Sebastian Bach
100%
Wolfgang Amadeus Mozart
100%
Ludwig van Beethoven
98%
Pyotr Ilyich Tchaikovsky
92%
Antonio Vivaldi
88%
Richard Wagner
88%
Frédéric Chopin
81%
George Frideric Handel
81%
Franz Liszt
77%
Edvard Grieg
75%
Franz Schubert
73%
Claude Debussy
71%
Igor Stravinsky
71%
Johannes Brahms
71%
Sergei Rachmaninoff
67%
Joseph Haydn
65%
Edward Elgar
63%
Felix Mendelssohn
58%
Richard Strauss
44%
George Gershwin
38%
No matching quizzes found
Score Distribution
Percent of People with Each Score
Percentile by Number Answered
Your Score History
You have not taken this quiz